|
|
|
|
| LEADER |
01721nam a2200349 a 4500 |
| 001 |
24714 |
| 003 |
BD-DhAAL |
| 005 |
20211108131606.0 |
| 008 |
120320r20092005ne a b 001 0 eng d |
| 999 |
|
|
|c 12013
|d 12013
|
| 010 |
|
|
|a 2005047954
|
| 020 |
|
|
|a 1558607358 (alk. paper)
|
| 020 |
|
|
|a 9781558607354
|
| 020 |
|
|
|a 9788131200896
|
| 040 |
|
|
|a DLC
|c DLC
|d DLC
|d BD-DhAAL
|
| 082 |
0 |
0 |
|a 621.3815
|2 22
|
| 100 |
1 |
|
|a Agarwal, Anant.
|9 39203
|
| 245 |
1 |
0 |
|a Foundations of analog & digital electronic circuits /
|c Anant Agarwal and Jeffrey Lang.
|
| 246 |
3 |
|
|a Foundations of analog and digital electronic circuits
|
| 260 |
|
|
|a Amsterdam ;
|a Boston ;
|a Haryana, India:
|b Elsevier : Morgan Kaufman Publishers,
|c c2005[Reprinted 2009]
|
| 300 |
|
|
|a xxiv, 984 pages :
|b illustrations ;
|c 23 cm.
|
| 504 |
|
|
|a Includes bibliographical references and index.
|
| 526 |
|
|
|a CSE
|
| 541 |
1 |
|
|a Trim Education
|e 24714, 36983, 36984
|
| 650 |
|
0 |
|a Electronic circuits
|v Textbooks.
|9 39204
|
| 650 |
|
0 |
|a Computer science.
|9 39205
|
| 700 |
1 |
|
|a Lang, Jeffrey
|q (Jeffrey H.)
|9 39206
|
| 852 |
1 |
|
|a Ayesha Abed Library
|j General Stacks
|
| 942 |
|
|
|2 ddc
|c BK
|
| 952 |
|
|
|0 0
|1 0
|4 0
|6 621_381500000000000_AGA
|7 0
|9 19767
|a BRACUL
|b BRACUL
|c GEN
|d 2012-03-20
|e Trim Education
|g 885.00
|l 6
|m 31
|o 621.3815 AGA
|p 3010024714
|r 2024-02-29
|s 2024-01-28
|t 1
|w 2012-03-22
|y BK
|
| 952 |
|
|
|0 0
|1 0
|2 ddc
|4 0
|6 621_381500000000000_AGA
|7 0
|9 67812
|a BRACUL
|b BRACUL
|c GEN
|d 2020-02-04
|e Trim Education
|g 550.00
|l 2
|m 11
|o 621.3815 AGA
|p 3010036984
|r 2024-11-04
|s 2024-05-29
|t 3
|v 550.00
|w 2020-02-04
|y BK
|
| 952 |
|
|
|0 0
|1 0
|2 ddc
|4 0
|6 621_381500000000000_AGA
|7 0
|9 67813
|a BRACUL
|b BRACUL
|c GEN
|d 2020-02-04
|e Trim Education
|g 550.00
|l 1
|m 2
|o 621.3815 AGA
|p 3010036983
|r 2025-10-26
|s 2025-10-12
|t 2
|v 550.00
|w 2020-02-04
|y BK
|